00321nam a22001217a 45000050016000000200032000160350013000480370013000611000022000742450045000962600039001413000019001802012060804424.0 a8170561418cRs. 200.00(hbk) aA-949908 aDPLbENG aKabra, Shri Gopal aMedicine deranged /cby Shri Gopal Kabra aJaipurbPanchsheel Prakashanc1998 a150p.c20 cms.